Отчет о деятельности Петроградского славянского благотворительного общества... ... к 11 мая 1869 года...$90: [Читан в заседании Славянского благотворительного комитета в Москве 26-го марта и дополнен сведениями по 6-е апреля] (Запись № 3589911)

Подробности
000 -МАРКЕР
контрольное поле 01928nam2a22002651 4500
001 - ИДЕНТИФИКАТОР ЗАПИСИ
контрольное поле v19\rc\1214982
005 - ИДЕНТИФИКАТОР ВЕРСИИ
контрольное поле 20250630114812.0
035 ## - ДРУГИЕ СИСТЕМНЫЕ НОМЕРА
Идентификатор записи (NLR Aleph) 004378148
100 ## - ДАННЫЕ ОБЩЕЙ ОБРАБОТКИ
Данные общей обработки 20060306d1869 |||y0rusy50 ca
101 0# - ЯЗЫК РЕСУРСА
Язык текста, звукозаписи и т.д. русский
102 ## - СТРАНА ПУБЛИКАЦИИ ИЛИ ПРОИЗВОДСТВА
Страна публикации Российская Федерация
105 ## - ПОЛЕ КОДИРОВАННЫХ ДАННЫХ: ТЕКСТОВЫЕ МАТЕРИАЛЫ, МОНОГРАФИЧЕСКИЕ
Кодированные данные о монографическом текстовом документе y z |||||
200 1# - ЗАГЛАВИЕ И СВЕДЕНИЯ ОБ ОТВЕТСТВЕННОСТИ
Основное заглавие [Читан в заседании Славянского благотворительного комитета в Москве 26-го марта и дополнен сведениями по 6-е апреля]
210 ## - ПУБЛИКАЦИЯ, РАСПРОСТРАНЕНИЕ И ДР.
Дата издания, распространения и т.д. ценз. 1869
215 ## - ФИЗИЧЕСКАЯ ХАРАКТЕРИСТИКА
Специфическое обозначение материала и объем 38 с.
327 0# - ПРИМЕЧАНИЯ О СОДЕРЖАНИИ
Текст примечания С 1-22: заседание славянского благотворительного комитета 26-го марта 1869 г.
461 #0 - УРОВЕНЬ НАБОРА
Встроенное поле 001v19\rc\1214981
-- 2001#$aОтчет о деятельности Петроградского славянского благотворительного общества...$v... к 11 мая 1869 года...$90
Системный номер (АБИС) связанной записи 3589901
Автор Петербургское славянское благотворительное общество
Место публикации Петроград
Дата публикации 1872-1915
Физическая характеристика 14 с.
Заглавие Отчет о деятельности Петроградского славянского благотворительного общества...
Номер тома ... к 11 мая 1869 года...$90
464 #0 - АНАЛИТИЧЕСКИЙ УРОВЕНЬ
Встроенное поле 2001#$aЗаседание славянского благотворительного комитета 26-го марта 1869 г.
-- 215##$aС. 1-22
Заглавие Заседание славянского благотворительного комитета 26-го марта 1869 г.
540 12 - ДОПОЛНИТЕЛЬНОЕ ЗАГЛАВИЕ, ПРИМЕНЯЕМОЕ КАТАЛОГИЗАТОРОМ
Заглавие Читан в заседании Славянского благотворительного комитета в Москве 26-го марта и дополнен сведениями по 6-е апреля
801 #0 - ИСТОЧНИК ЗАПИСИ
Страна Российская Федерация
Организация NLR
Правила каталогизации psbo
801 #1 - ИСТОЧНИК ЗАПИСИ
Страна Российская Федерация
Организация ProSoft-M
Источник данных rusmarc
852 ## - МЕСТОНАХОЖДЕНИЕ И ШИФР ХРАНЕНИЯ
Идентификатор организации NLR
Шифр хранения (Call Number) 18.125.6.57
942 ## - ДОПОЛНИТЕЛЬНЫЕ ЭЛЕМЕНТЫ ЗАПИСИ (АБИС)
Тип экземпляра АБИС Книга
980 ## - КОЛЛЕКЦИЯ
Название коллекции Национальная библиография
Экземпляры
Тип экземпляра Дата поступления Библиотека постоянного хранения Библиотека текущего хранения Место хранения Шифр хранения Штрих-код Статус экземпляра
Книга 26.10.2013 РНБ (Садовая) РНБ (Садовая) Русский книжный фонд -Главное здание, Ленинский читальный зал 18.125.6.57 4378148-10